00292nam a22000977a 4500008004100000082002100041100002600062245005500088260004300143300000800186230626b xxu||||| |||| 00| 0 eng d a328.36bLSS 1991 cLOK Sabha Secretariat aDisqualification of Members on Ground of Defection aNew DelhibLOK Sabha Secretariatc1991 a20p